000 00477nam a2200193Ia 4500
005 20250423101523.0
008 250422s9999 xx 000 0 und d
020 _a0-333-77822-7
050 _aHB 139 .K66/
100 _aA. Koutsoyiannis
245 0 _aTheory of Econometrics: an introductory exposition of econometric methods
250 _a2nd
260 _aNew York
260 _bPalgrave
260 _c2003
300 _a680 p
650 _aEconomics
942 _cBK
999 _c36527
_d36527